000
00355nam a2200133Ia 4500
008
100328s9999 xx 000 0 und d
082
_b
14132
100
_a
ग्यानबा
245
_a
मुक्ताफळे
260
_b
संजीव
630
_a
मुक्ताफळे
730
_a
मुक्ताफळे
942
_c
BOOK
999
_c
509129
_d
509126